| 000 | 00743nam a2200265Ia 4500 | ||
|---|---|---|---|
| 005 | 20260121171353.0 | ||
| 008 | 008 260114s9999 xx 000 0 eng d | ||
| 020 | _a9783030230180 | ||
| 037 | _aEBOOK | ||
| 040 | _aCRL | ||
| 040 | _beng | ||
| 040 | _cCRL | ||
| 041 | _2eng | ||
| 041 | _aeng | ||
| 084 | _qCRL | ||
| 100 |
_aJosé Manuel Zavala, Tom D. Dillehay, Gertrudis Payàs _91075395 |
||
| 245 | 4 | _aThe Hispanic-Mapuche Parlamentos: Interethnic Geo-Politics and Concessionary Spaces in Colonial America | |
| 260 | _bSpringer | ||
| 260 | _bSpringer | ||
| 260 | _c2020 | ||
| 856 | _uhttps://link.springer.com/openurl?genre=book&isbn=978-3-030-23018-0 | ||
| 942 | _cEBOOK | ||
| 999 |
_c1641125 _d1641125 |
||